Indonesia now. (Record no. 5703)
[ view plain ]
| 000 -CABECERA | |
|---|---|
| campo de control de longitud fija | 00504nam a2200193 a 4500 |
| 001 - NÚMERO DE CONTROL | |
| campo de control | BRCA_6014 |
| 005 - FECHA Y HORA DE LA ÚLTIMA TRANSACCIÓN | |
| campo de control | 20190320205311.0 |
| 008 - DATOS DE LONGITUD FIJA--INFORMACIÓN GENERAL | |
| campo de control de longitud fija | 010411s1950----io-ab#####---#000-0#eng-# |
| 041 ## - CÓDIGO DE LENGUA | |
| Código de lengua del texto/banda sonora o título independiente | eng |
| 044 ## - CÓDIGO DEL PAÍS DE LA ENTIDAD EDITORA/PRODUCTORA | |
| Código MARC del país | io |
| 050 #4 - SIGNATURA TOPOGRÁFICA DE LA BIBLIOTECA DEL CONGRESO | |
| Número de clasificación | DS620 |
| Número de documento/Ítem | .I53 1950 |
| 245 10 - MENCIÓN DE TÍTULO | |
| Título | Indonesia now. |
| 260 ## - PUBLICACIÓN, DISTRIBUCIÓN, ETC. | |
| Lugar de publicación, distribución, etc. | Jakarta |
| Nombre del editor, distribuidor, etc. | Ministry of Information Republic of Indonesia |
| Fecha de publicación, distribución, etc. | [1950?] |
| 300 ## - DESCRIPCIÓN FÍSICA | |
| Extensión | 128 p. |
| Otras características físicas | il., mapas |
| Dimensiones | 21 cm. |
| 500 ## - NOTA GENERAL | |
| Nota general | G117G |
| 651 #4 - PUNTO DE ACCESO ADICIONAL DE MATERIA--NOMBRE GEOGRÁFICO | |
| Nombre geográfico | Indonesia |
| Subdivisión general | Descripción y viajes |
| 9 (RLIN) | 15187 |
| 902 ## - CATALOGADOR | |
| Iniciales | GFM |
| 942 ## - ELEMENTOS DE PUNTO DE ACCESO ADICIONAL (KOHA) | |
| Fuente del sistema de clasificación o colocación | Library of Congress Classification |
| Tipo de ítem Koha | Libros |
| Estado de retiro | Estado de pérdida | Estado dañado | No para préstamo | Localización permanente | Ubicación/localización actual | Fecha de adquisición | Número de inventario | Total de préstamos | Signatura topográfica completa | Código de barras | Fecha visto por última vez | Precio válido a partir de | Tipo de ítem Koha |
|---|---|---|---|---|---|---|---|---|---|---|---|---|---|
| El ejemplar forma parte de la colección y puede ser consultado según las políticas vigentes. | Biblioteca del Museo Franz Mayer (Rogerio Casas-Alatriste) | Biblioteca del Museo Franz Mayer (Rogerio Casas-Alatriste) | 01/04/2011 | G117G | DS620 .I53 1950 (G117G) | 6453 | 22/03/2019 | 22/03/2019 | Libros |